Central Library OPAC University of Rajshahi

غالب کل عظیم المرتبط شاگرد صفير بلگرامی : حیات و کارنامے / G̲h̲ālib kā ʻaẓīm al-martabat shāgird Ṣafīr Bilgirāmī : ḥayāt va kārnāme / (Record no. 85978)

MARC details
000 -LEADER
fixed length control field 01056nam a2200229 4500
001 - CONTROL NUMBER
control field 85978
003 - CONTROL NUMBER IDENTIFIER
rucl marc code BD-RjUL
005 - DATE AND TIME OF LATEST TRANSACTION
control field 20251120122341.0
008 - FIXED-LENGTH DATA ELEMENTS--GENERAL INFORMATION
fixed length control field 251120s1976 ii ||||| |||| 00| 0 urd d
035 ## - SYSTEM CONTROL NUMBER
System control number (BD-RjUL)85978
040 ## - CATALOGING SOURCE
Original cataloging agency BD-RjUL
Language of cataloging eng
Transcribing agency BD-RjUL
041 ## - LANGUAGE CODE
Language code of text/sound track or separate title urd
082 ## - DEWEY DECIMAL CLASSIFICATION NUMBER
Edition number 23
Classification number 891.4391092
Author mark and year AUG 1976
100 ## - MAIN ENTRY--PERSONAL NAME
Personal name اوگانوى., ظفر;; Augnāvī., Z̤afar
Dates associated with a name 1939
9 (RLIN) 17361
245 10 - TITLE STATEMENT
Title غالب کل عظیم المرتبط شاگرد صفير بلگرامی : حیات و کارنامے / G̲h̲ālib kā ʻaẓīm al-martabat shāgird Ṣafīr Bilgirāmī : ḥayāt va kārnāme /
Statement of responsibility, etc. ظفر اوگانوى., ظفر اوگانوى،, 1939- author (Author) / Ẓafar Augnāvī., Z̤afar Augānvī
260 ## - PUBLICATION, DISTRIBUTION, ETC. (IMPRINT)
Place of publication, distribution, etc. Kalkatah, :
Name of publisher, distributor, etc. اقدار کتاب‌ گھر، / Aqdār Kitāb Ghar,
Date of publication, distribution, etc. 1976
300 ## - PHYSICAL DESCRIPTION
Pagination 496 pages :
Illustrations illustrations ;
Size 22 cm
600 ## - SUBJECT ADDED ENTRY--PERSONAL NAME
Personal name Ṣafīr Bilgirāmī
Dates associated with a name 1834-1890
General subdivision Criticism and interpretation
650 ## - SUBJECT ADDED ENTRY--TOPICAL TERM
Topical term or geographic name as entry element Criticism, interpretation
Topical term or geographic name as entry element Ṣafīr Bilgirāmī,
9 (RLIN) 17363
942 ## - ADDED ENTRY ELEMENTS (KOHA)
Source of classification or shelving scheme Dewey Decimal Classification
Koha item type Books
Holdings
Lost status Source of classification or shelving scheme Damaged status Not for loan Collection code Permanent Location Current Location Shelving location Date acquired Total Checkouts Full call number Date last seen Copy number Koha item type
  Dewey Decimal Classification   Not For Loan Non-fiction Central Library, University of Rajshahi Central Library, University of Rajshahi Reading Room 20/11/2025   U 891.4391092 AUG 1976 20/11/2025 C-1 Books